000 01064cam a2200229 4500
001 ABS64539
008 011005n2001 000 0 eng u
035 _a(Sirsi) u115020
100 _aBesser, A.
245 _aDicing with debt
260 _c2001
490 _aProperty Week
_v66(39) 28 September 2001, 82-83(2)
520 _aDiscusses government's proposals for reform of insolvency law, which were set out in the Insolvency White Paper, published in summer 2001. If enacted these will profoundly change the balance of power between lender and borrower. Large elements of lenders' control over enforcement of their security will be removed. Discusses the government's intentions, and provides a brief history of insolvency legislation, noting how this has affected the structuring of property security.
590 _aABS
650 _aInsolvency
_96247
650 _aWHITE PAPER
650 _aREFORM
650 _aPROPERTY LENDERS
650 _aDEBT SECURITISATION
690 _aMANAGEMENT-BUSINESS MANAGEMENT-FINANCIAL MANAGEMENT
942 _n0
999 _c68500
_d68500